000 00651nam a2200217 a 4500
999 _c3937
_d3937
001 3937
003 BD-JhCC
005 20171119195047.0
008 171119s1987 ii a|||| ||a| 000 0 ben d
035 _a(BD-JhCC)3937
040 _aBD-JhCC
_dBD-JhCC
041 _aben
082 _a001
_bGUP 1987
100 _aগুপ্তা, সুনিতা
245 _aচিলড্রেন্স নলেজ ব্যাংক /
_cসুনিতা গুপ্তা,
260 _aদিল্লী :
_bপুস্তক মহল,
_c1987
300 _a223 p. :
_c24 cm.
650 _aGeneral Knowledge
942 _2ddc
_cBK